000
00200 a2200097 4500
001
10823
100
_a
Tomlin, E.
245
_a
Great Philosophers
260
_a
_b
Skeffington
_c
090
_c
8407
_d
8407
942
_a
NUST-CAE
_c
M
_c
35164
999
_c
245896
_d
245896